000 00661nam a22002297a 4500
999 _c4085
_d4085
003 AR-CdUCM
008 190307b ||||| |||| 00| 0 spa d
040 _aMUNICIPALIDAD PROVINCIAL DEL CUSCO
_cBIBLIOTECA MUNICIPAL DEL CUSCO
041 _heng
082 _a818.39 /
_bW62
100 _aWhitman, Walt
_912966
245 _aDías ejemplares /
260 _aBuenos Aires :
_bEds. Corregidor,
_c1975.
300 _a146 páginas ;
_c20 cm.
650 _aEnsayos
_9375
650 _aEstados Unidos
_91805
650 _aGuerra Civil
_91772
650 _aHistoria
_9136
700 _aTraducción de: Specimen days.
_912967
942 _2ddc
_cLIBROS
945 _admma